Основы уголовного судопроизводства (Запись № 13677551)

Подробности
000 -МАРКЕР
контрольное поле 02446nam0a2200397 4500
001 - ИДЕНТИФИКАТОР ЗАПИСИ
контрольное поле RU\NLR\BIBL_A\022583220
005 - ИДЕНТИФИКАТОР ВЕРСИИ
контрольное поле 20260420050638.0
010 ## - МЕЖДУНАРОДНЫЙ СТАНДАРТНЫЙ НОМЕР КНИГИ (ISBN)
Номер (ISBN) 978-5-00209-184-3
Тираж 250
021 ## - НОМЕР ГОСУДАРСТВЕННОЙ РЕГИСТРАЦИИ
Код страны Российская Федерация
Номер КН-П-25-029480
Номер Листа государственной регистраци КН-П-25-2909
035 ## - ДРУГИЕ СИСТЕМНЫЕ НОМЕРА
Идентификатор записи (NLR Aleph) 022583220
100 ## - ДАННЫЕ ОБЩЕЙ ОБРАБОТКИ
Данные общей обработки 20250710d2025 u y0rusy50 ca
101 0# - ЯЗЫК РЕСУРСА
Язык текста, звукозаписи и т.д. русский
102 ## - СТРАНА ПУБЛИКАЦИИ ИЛИ ПРОИЗВОДСТВА
Страна публикации Российская Федерация
105 ## - ПОЛЕ КОДИРОВАННЫХ ДАННЫХ: ТЕКСТОВЫЕ МАТЕРИАЛЫ, МОНОГРАФИЧЕСКИЕ
Кодированные данные о монографическом текстовом документе a j 000yy
181 #0 - ПОЛЕ КОДИРОВАННЫХ ДАННЫХ: ВИД СОДЕРЖАНИЯ
Код вида содержания (ISBD) i
Код характеристики содержания (ISBD) xxxe
182 #0 - ПОЛЕ КОДИРОВАННЫХ ДАННЫХ: ТИП СРЕДСТВА
Код типа средства (ISBD) n - непосредственное
200 1# - ЗАГЛАВИЕ И СВЕДЕНИЯ ОБ ОТВЕТСТВЕННОСТИ
Основное заглавие Основы уголовного судопроизводства
Сведения, относящиеся к заглавию учебник
-- для бакалавриата/специалитета
Первые сведения об ответственности [Бадяева П. С., преподаватель, Барыгина А. А., Ворожцов С. А., доценты, кандидаты юрид. наук, и др.]
Последующие сведения об ответственности под редакцией профессора О. В. Качаловой
-- Федеральное государственное бюджетное образовательное учреждение высшего образования "Российский государственный университет правосудия имени В. М. Лебедева"
203 ## - ВИД СОДЕРЖАНИЯ И ТИП СРЕДСТВА
Вид содержания Текст
Дополнительные сведения об издании визуальный
Тип средства непосредственный
210 ## - ПУБЛИКАЦИЯ, РАСПРОСТРАНЕНИЕ И ДР.
Место издания, распространения и т.д. Москва
Имя издателя, распространителя и т. д. РГУП им. В. М. Лебедева
Дата издания, распространения и т.д. 2025
215 ## - ФИЗИЧЕСКАЯ ХАРАКТЕРИСТИКА
Специфическое обозначение материала и объем 457 c.
Другие сведения о физической характеристике табл.
Размеры 22
300 ## - ОБЩИЕ ПРИМЕЧАНИЯ
Текст примечания Авт. указаны на с. 3
300 ## - ОБЩИЕ ПРИМЕЧАНИЯ
Текст примечания Норматив. материал приводится по состоянию на 15 дек. 2024 г.
320 ## - ПРИМЕЧАНИЯ О НАЛИЧИИ В ДОКУМЕНТЕ БИБЛИОГРАФИИ / УКАЗАТЕЛЯ
Текст примечания Библиогр.: с. 451–452 (17 назв.) и в подстроч. примеч.
606 1# - НАИМЕНОВАНИЕ ТЕМЫ КАК ПРЕДМЕТ
Наименование темы Уголовный процесс
Формальный подзаголовок Учебники
Географический подзаголовок Российская Федерация
Системный номер авторитетной/нормативной записи 2078728
Идентификатор авторитетной/нормативной записи RU\NLR\AUTH\661254592
686 1# - ИНДЕКСЫ ДРУГИХ КЛАССИФИКАЦИЙ
Индекс Х629.3я7
701 #1 - ИМЯ ЛИЦА - АЛЬТЕРНАТИВНАЯ ОТВЕТСТВЕННОСТЬ
Начальный элемент ввода Бадяева
Часть имени, кроме начального элемента ввода П. С.
701 #1 - ИМЯ ЛИЦА - АЛЬТЕРНАТИВНАЯ ОТВЕТСТВЕННОСТЬ
Начальный элемент ввода Барыгина
Часть имени, кроме начального элемента ввода А. А.
Расширение инициалов личного имени Александра Анатольевна
701 #1 - ИМЯ ЛИЦА - АЛЬТЕРНАТИВНАЯ ОТВЕТСТВЕННОСТЬ
Начальный элемент ввода Ворожцов
Часть имени, кроме начального элемента ввода С. А.
Расширение инициалов личного имени Сергей Алексеевич
702 #1 - ИМЯ ЛИЦА - ВТОРИЧНАЯ ОТВЕТСТВЕННОСТЬ
Код отношения Редактор
Графика поля Кириллица
Материалы, к которым относится поле rus
Начальный элемент ввода Качалова
Часть имени, кроме начального элемента ввода О. В.
Дополнения к именам, кроме дат д-р юрид. наук
Расширение инициалов личного имени Оксана Валентиновна
Системный номер авторитетной/нормативной записи 17352
Идентификатор авторитетной/нормативной записи RU\NLR\AUTH\7734348
712 02 - НАИМЕНОВАНИЕ ОРГАНИЗАЦИИ - ВТОРИЧНАЯ ОТВЕТСТВЕННОСТЬ
Код отношения Издающая организация
Начальный элемент ввода Российский государственный университет правосудия им. В. М. Лебедева
Системный номер авторитетной/нормативной записи 2670021
Идентификатор авторитетной/нормативной записи RU\NLR\AUTH\880629141
942 ## - ДОПОЛНИТЕЛЬНЫЕ ЭЛЕМЕНТЫ ЗАПИСИ (АБИС)
Тип экземпляра АБИС Книга
980 ## - КОЛЛЕКЦИЯ
Название коллекции Национальная библиография

Нет доступных экземпляров.